| 000 | 01757nam a2200325 a 4500 | ||
|---|---|---|---|
| 001 | 60715 | ||
| 003 | BD-RjUL | ||
| 005 | 20211209080856.0 | ||
| 008 | 170102s2005 njua 001 0 eng d | ||
| 020 | _a8129711230 | ||
| 035 | _a(BD-RjUL)60839 | ||
| 035 | _a(OCoLC)ocm53356657 | ||
| 035 | _a(DLC) 2003064699 | ||
| 035 | _a(NNC)4860756 | ||
| 040 |
_aDLC _cDLC _dDLC _dOrLoB-B _beng |
||
| 041 | _aeng | ||
| 082 | 0 | 0 |
_a368 _223 _bDOI 2005 |
| 100 | 1 |
_aDorfman, Mark S., _d1945- _9180893 |
|
| 245 | 1 | 0 |
_aIntroduction to risk management and insurance / _cMark S. Dorfman. |
| 250 | _a8th ed. | ||
| 260 |
_aUpper Saddle River, N.J. : _bPearson Prentice Hall, _cc2005. |
||
| 300 |
_axxix, 575 p. : _bill. ; _c27 cm. |
||
| 500 | _aIncludes index. | ||
| 505 | 0 | 0 |
_tFundamentals and terminology -- _tDefining the insurable event -- _tRisk management -- _tInsurance companies -- _tInsurance occupations -- _tThe insurance market : the economic problem -- _tInsurance regulation -- _tInsurance contracts -- _tBasic property and liability insurance contracts -- _tHomeowners insurance -- _tThe personal auto policy -- _tProfessional financial planning -- _tLife insurance policies -- _tAnnuities -- _tMedical expense and disability income insurance -- _tStandard life insurance contract provisions and options -- _tAdvanced topics in risk management -- _tCommercial property insurance -- _tGeneral liability insurance -- _tSpecial liability insurance -- _tBonding, crime insurance, and reinsurance -- _tEmployee benefits -- _tSocial security -- _tUnemployment and workers' compensation insurance. |
| 650 | 0 |
_aInsurance. _9176032 |
|
| 650 | 0 |
_aRisk (Insurance) _9173729 |
|
| 650 | 0 |
_aRisk management. _9179939 |
|
| 942 |
_2ddc _cBK |
||
| 999 |
_c60715 _d60715 |
||